| 000 | 01357nac a22003131u 4500 | ||
|---|---|---|---|
| 010 | _a 2005030950 | ||
| 020 | _a0471681261 (cloth) | ||
| 020 | _a9780471681267 (cloth) | ||
| 020 | _a9780471681267 | ||
| 035 | _a(OCoLC)ocm62152897 | ||
| 035 | _a(OCoLC)62152897 | ||
| 082 | 0 | 0 |
_a624.1892 _bBAN |
| 090 |
_c8231 _d8231 |
||
| 100 | _aBank, Lawrence Colin, | ||
| 245 | 1 | 0 |
_aComposites for construction : _bstructural design with FRP materials / _cLawrence C. Bank. |
| 260 |
_aHoboken, N.J. : _bJohn Wiley & Sons,2006 _cc2006. |
||
| 300 |
_axvii, 551 p. : _bill. ; _c25 cm. |
||
| 500 | _adistributer: Al-Ahram | ||
| 504 | _aIncludes bibliographical references (p. 527-544) and index. | ||
| 511 | _acatalogued by: wessam | ||
| 650 | 0 |
_aFiber-reinforced plastics _vTextbooks. |
|
| 650 | 0 |
_aPolymeric composites _vTextbooks. |
|
| 650 | 0 |
_aStructural design _vTextbooks. |
|
| 856 | 4 | 1 |
_3Table of contents _uhttp://www.loc.gov/catdir/toc/ecip062/2005030950.html |
| 856 | 4 | 1 |
_3Contributor biographical information _uhttp://www.loc.gov/catdir/enhancements/fy0740/2005030950-b.html |
| 856 | 4 | 1 |
_3Publisher description _uhttp://www.loc.gov/catdir/enhancements/fy0740/2005030950-d.html |
| 942 |
_cBB _k624.1892BAN |
||
| 999 |
_c8231 _d8231 |
||